| 000 | 01391nab a22002537a 4500 | ||
|---|---|---|---|
| 999 |
_c6231 _d6231 |
||
| 003 | OSt | ||
| 005 | 20260126033506.0 | ||
| 008 | 190514b xxu||||| |||| 00| 0 spa d | ||
| 040 | _cPJ | ||
| 100 |
_96952 _aDe Oliveira, Juan José |
||
| 245 | 1 | 0 |
_aTensión entre la vocación sucesoria del cónyuge y la ausencia de vocación sucesoria del conviviente / _cJuan José de Oliveira. |
| 300 | _ap. 118-121 | ||
| 500 | _aCita: TR LALEY AR/DOC/2666/2024. | ||
| 505 | _aSumario: I. Sobre el fallo.— II. Las uniones convivenciales.— III. Tensión entre los derechos hereditarios que derivan del matrimonio y los que derivan de la unión convivencial.— IV. La vocación sucesoria del conviviente en la actualidad.— V. Perspectiva hacia futuro.— VI. Conclusión. | ||
| 505 | _tFallo comentado: JCiv. y Com., Conciliación y Familia 1a Nom., Bell Ville ~ 10/06/2024 ~ Schmid, Eduardo Walter s/ declaratoria de herederos - incidente de exclusión de vocación hereditaria. | ||
| 650 | 0 |
_9967 _aDERECHO DE FAMILIA |
|
| 650 | 0 |
_9888 _aSUCESIONES |
|
| 650 | 0 |
_95369 _aCÓNYUGE |
|
| 650 | 0 |
_91080 _aVOCACION HEREDITARIA |
|
| 650 | 0 |
_95370 _aCONVIVIENTE |
|
| 650 | 0 |
_91057 _aJURISPRUDENCIA APLICABLE |
|
| 773 | 0 |
_02844 _93222 _dBuenos Aires : AbeledoPerrot, 1989- _tDerecho de familia. Revista Interdisciplinaria de doctrina y jurisprudencia. Diciembre 2024-VI. _z18511201 |
|
| 942 |
_2udc _cANA |
||